| 000 | 00405nam a22001457a 4500 | ||
|---|---|---|---|
| 999 |
_c18360 _d18360 |
||
| 008 | 200724b xxu||||| |||| 00| 0 eng d | ||
| 020 | _a0321563840 | ||
| 050 |
_aQA76.73 _b.S77 2013 c.1 |
||
| 100 | _aStroustrup,Bjarne | ||
| 245 |
_aThe C++ Programming Language _cBjarne Stroustrup |
||
| 250 | _a4th ed. | ||
| 260 |
_aUpper Saddle River _bAddison Wesley _c2013 |
||
| 300 | _axiv,1347p. | ||
| 942 |
_2lcc _cBK |
||